Comidas tipicas de cada regiao do Brasil - Statistics

Estatísticas Gerais
  • Esse quiz foi jogado 268 vezes
  • A pontuação média é 3 de 10
Estatísticas das Respostas
Hint Resposta % Correto
Comida tipica do Nordeste - top 1 Acarajé
74%
Comida tipica do Sudeste - top 1 Feijoada
71%
Comida tipica do Norte - top 2 Tacacá
57%
Comida tipica do Centro Oeste - top 1 Pequi
25%
Comida tipica do Centro Oeste - top 2 Pamonha
21%
Comida tipica do Nordeste - top 2 Tapioca
21%
Comida tipica do Norte - top 1 Peixe
14%
Comida tipica do Sul - top 1 Arroz carreteiro
11%
Comida tipica do Sul - top 2 Cuca
9%
Comida tipica do Sudeste - top 2 Farofa
8%
Nenhum quiz correspondente encontrado
Distribuição das Pontuações
Porcentagem de Pessoas com Cada Pontuação
Percentil de Números Respondidos
Sua Pontuação Histórica
Você não jogou esse quiz